| 000 | 00825cam a2200145 4500500 | ||
|---|---|---|---|
| 005 | 20260208005926.0 | ||
| 041 | _afre | ||
| 042 | _adc | ||
| 100 | 1 | 0 |
_aPety, Dominique _eauthor |
| 245 | 0 | 0 | _aFRANCESCO ORLANDO, Obsolete Objects in the Literary Imagination. Ruins, Relics, Rarities, Rubbish, Unhabited Places, and Hidden Treasures. Traduit de l’italien par GABRIEL PIHAS et DANIEL SEIDEL, avec la collaboration d’ALESSANDRA GREGO. Avant-propos de DAVID QUINT. New Haven et Londres, Yale University Press, 2006. Un vol. 16,5 x 24,5 de 500 p. |
| 260 | _c2007. | ||
| 500 | _a13 | ||
| 786 | 0 | _nRevue d'histoire littéraire de la France | 107 | 3 | 2007-09-01 | p. 629zzt-688zzt | 0035-2411 | |
| 856 | 4 | 1 | _uhttps://shs.cairn.info/revue-d-histoire-litteraire-de-la-france-2007-3-page-629zzt?lang=fr&redirect-ssocas=7080 |
| 999 |
_c1654372 _d1654372 |
||